000 00958cam a2200265 i 4500
005 20200104041533.0
008 960313t1996 -usabd frb 101 0 eng
020 _a155963457X (cloth)
020 _a1559634588 (paper)
040 _aDLC
_cDLC
_dDLC
_dCO-BoIAVH
041 0 _aeng
044 _axxu
082 0 4 _a333.95416
_bM58m
245 0 0 _aMetapopulations and wildlife conservation /
_cedited by Dale R. McCullough.
260 _aWashington, D.C. :
_bIsland Press,
_c1996.
300 _a429 páginas :
_bIlustraciones, mapas, gráficos ;
_c23 x 16 cm.
504 _aIncluye referencias bibliográficas e índice.
650 1 4 _aConservación de la vida silvestre
650 1 4 _aMamíferos
650 2 4 _aPoblación de aves
650 2 4 _aGestión de la vida silvestre
700 1 _aMcCullough, Dale R.,
_d1933-
_eeditor.
710 2 _aWildlife Society.
_bMeeting
_n(1st :
_cAlbuquerque, (N.M.))
942 _2ddc
_cLIBRO
999 _c2543
_d2543